| 000 | 00403pab a2200169 454500 | ||
|---|---|---|---|
| 008 | 180718b2002 xxu||||| |||| 00| 0 eng d | ||
| 100 | _aBasu, Kaushik | ||
| 245 | _aHas poverty in India declined? | ||
| 260 | _c2002 | ||
| 300 | _ap.15. | ||
| 362 | _a3 Apr | ||
| 650 | _aRural development - India | ||
| 650 | _aPoverty - India | ||
| 650 | _aPoverty | ||
| 773 | _aBusiness Standard | ||
| 909 | _a53474 | ||
| 999 |
_c53474 _d53474 |
||